000 00299nam a2200121 4500
999 _c10878
_d10878
003 OSt
005 20221019172420.0
008 221019b ||||| |||| 00| 0 eng d
100 _aMartin M Pegler
245 _aStores of the year /5
260 _aNew York
_bRetail reporting corporation
942 _2ddc